Top 5 Songs On Take Me To Your Leader (King Geedorah) - Statistics

General Stats
  • This quiz has been taken 6 times
  • The average score is 3 of 5
Answer Stats
Hint Answer % Correct
28,570,802 Fazers
100%
21,990,061 Anti-Matter
67%
33,356,228 Next Levels
50%
5,503,611 Krazy World
33%
9,103,083 Lock Jaw
33%
No matching quizzes found
Score Distribution
Percent of People with Each Score
Percentile by Number Answered
Your Score History
You have not taken this quiz